Перейти до змісту

Русское финансовое право

Классическое произведение, относящееся к общественному достоянию.

Збережено в:
Бібліографічні деталі
Автор: Берендтс Э. Н.
Формат: Книга
Мова:Russian
Опубліковано: Санкт-Петербург Лань 2013
Предмети:
Онлайн доступ:http://e.lanbook.com/books/element.php?pl1_cid=25&pl1_id=30521
https://e.lanbook.com/img/cover/book/30521.jpg
Теги: Додати тег
Немає тегів, Будьте першим, хто поставить тег для цього запису!
LEADER 01086nam0a2200253 i 4500
001 30521
003 RuSpLAN
005 20221220173914.0
008 221220s2013 ru gs 000 0 rus
020 |a 978-5-507-31519-2 
040 |a RuSpLAN 
041 0 |a rus 
044 |a ru 
245 0 0 |a Русское финансовое право  |c Берендтс Э. Н. 
260 |a Санкт-Петербург  |b Лань  |c 2013 
300 |a 453 с. 
504 |a Библиогр.: доступна в карточке книги, на сайте ЭБС Лань 
520 8 |a Классическое произведение, относящееся к общественному достоянию. 
521 8 |a Книга из коллекции Лань - Право. Юридические науки 
653 0 |a право юридические науки 
100 1 |a Берендтс Э. Н. 
856 4 |u http://e.lanbook.com/books/element.php?pl1_cid=25&pl1_id=30521 
856 4 8 |u https://e.lanbook.com/img/cover/book/30521.jpg 
953 |a https://e.lanbook.com/img/cover/book/30521.jpg